000 00457nab a2200145Ia 4500
003 ES-SlBCS
005 20210601125223.0
008 140529s1968 xxu||||| |||| 00| 0 eng d
041 _aeng
100 1 _aKelly, Derek A.
_950179
245 0 0 _aRichard M. Zaner on Philosophical Anthropology
_c Derek A. Kelly
600 1 4 _aZaner, Richard M.
_9143859
773 0 _tPhilosophy and Phenomenological Research
_gvol. 29, 1968, págs. 119-122
_wRev1411
942 _cAR
999 _c526732
_d526732